000 00360nam a2200157Ia 4500
005 20250603144905.0
008 250603s9999 xx 000 0 und d
050 _aKN 94 .R6/
100 _aNicholas, a.Robinson
245 0 _aEnviromental Law
260 _aNew york
260 _bLaw Journal Press
260 _c2014
650 _aNew york
942 _cBK
999 _c40253
_d40253